000 00700nam a2200229Ia 4500
008 220216s9999 xx 000 0 und d
100 _aDominic M
245 0 _aGreen tire technology: Effect of rice husk derived nanocellulose (RHNC) in replacing carbon black (CB) in natural rubber (NR) compounding
260 _bCarbohydrate Polymers
_c2020
500 _aSource Year: 2020
650 _aComposite
650 _aCure characteristics
650 _aGreen tire
650 _aNanocellulose
700 _aBipinbal P.K
700 _aChandra J
700 _aJoseph R
700 _aSabura Begum P.M
700 _aSanmariya T
856 _udoi.org/10.1016/j.carbpol.2019.115620
942 _cJS
999 _c60076
_d60076